Turisme sostenible : Parc Natural del Montseny : Reserva de la Biosfera Parc Natural del Montseny : Reserva de la Biosfera
Descripción Física:
1 quadríptic ; il. col. ; 10 x 21 cm.
Materias:
Parc Natural del Montseny (Catalunya)
; Turisme sostenible -- Barcelona (Catalunya : Província)
Idioma:
Catalán
MARC
| LEADER | 00000nam a22000007a 4500 | ||
|---|---|---|---|
| 001 | 27420 | ||
| 003 | Arxiu | ||
| 005 | 20260324181153.0 | ||
| 008 | 230228b spa||||| |||| 00| 0 cat d | ||
| 017 | |a B 14764-2021 | ||
| 040 | |a agdb |b cat | ||
| 041 | |a cat | ||
| 245 | |a Turisme sostenible : |b Parc Natural del Montseny : Reserva de la Biosfera | ||
| 260 | |a Barcelona : |b Diputació de Barcelona : |b Diputació de Girona ; |c 2021 | ||
| 300 | |a 1 quadríptic ; |b il. col. ; |c 10 x 21 cm. | ||
| 500 | |a Conté un plànol amb els establiments adherits a la Carta Europea de Turisme Sostenible | ||
| 610 | 0 | |9 10461 |a Parc Natural del Montseny (Catalunya) | |
| 650 | 0 | |a Turisme sostenible |z Barcelona (Catalunya : Província) | |
| 710 | 1 | |9 52730 |a Barcelona (Catalunya : Província). |b Gerència de Serveis d’Espais Naturals | |
| 710 | |9 10461 |a Parc Natural del Montseny (Catalunya) | ||
| 942 | |2 udc |c ARXIU |n 1 | ||
| 952 | |0 0 |1 0 |2 udc |4 0 |6 FU7469 |7 1 |9 65362 |a Arxiu |b Arxiu |d 2023-02-28 |l 0 |o FU-74-69 |p 27420 |r 2023-02-28 00:00:00 |w 2023-02-28 |y ARXIU | ||
| 999 | |c 83102 |d 83102 | ||